| 000 | 00652cam a22001817a 4500 | ||
|---|---|---|---|
| 008 | 180718b1995 xxu||||| |||| 00| 0 eng d | ||
| 020 | _a0312124333 | ||
| 082 | _aT2x5 Sh28 | ||
| 245 |
_aAsian industrialization and Africa: studies in policy alternatives to structural adjustment _cedited by Howard Stein |
||
| 260 |
_aNew York _bSt. Martin's Press _c1995 |
||
| 300 | _a284p. | ||
| 650 | _aAfrica - Economic conditions - 1960 | ||
| 650 | _aAfrica - Economic policy | ||
| 650 | _aIndustrial promotion - East Asia | ||
| 650 | _aIndustrial policy - Asia, Southeastern | ||
| 650 | _aIndustrial promotion - Asia, Southeastern | ||
| 700 | _aStein, Howard | ||
| 999 |
_c377502 _d377502 |
||